| 000 | 00736nam a2200241Ia 4500 | ||
|---|---|---|---|
| 001 | dia_1833 | ||
| 003 | CHAP | ||
| 005 | 20251021154908.0 | ||
| 008 | 220117s1977 xx 000 0 und d | ||
| 010 | _a172372 | ||
| 040 | _cCHAP | ||
| 082 | _a631.7 E5 | ||
| 110 |
_aE.N.A. Colegio de Postgraduados _9151647 |
||
| 245 |
_aManual para Proyectos de Pequeñas Obras Hidraulicas para Riego y Abrevadero; Instructivo de Campo / _c por el Colegio de Postgraduados. E.N.A. |
||
| 260 |
_aChapingo, México : _b E.N.A., _c1977 |
||
| 300 | _a241 p. | ||
| 500 | _aD | ||
| 650 |
_a1.Proyectos. _9151648 |
||
| 901 | _a631.7 E5 | ||
| 902 | _aM | ||
| 905 | _a0000001977 CHAA 0000000000ESP00 | ||
| 942 |
_cLIBRO _2ddc |
||
| 999 |
_c172372 _d172372 |
||